Normal view
MARC view
- Strauss Johann Jr.
Entry Personal Name
001 - CONTROL NUMBER
- control field: 20636
003 - CONTROL NUMBER IDENTIFIER
- control field: IT-RoPau
005 - DATE AND TIME OF LATEST TRANSACTION
- control field: 20140413120350.0
008 - FIXED-LENGTH DATA ELEMENTS
- fixed length control field: 140413|| aca||aabn | a|a d
040 ## - CATALOGING SOURCE
- Original cataloging agency: IT-RoPau
- Transcribing agency: IT-RoPau
100 ## - HEADING--PERSONAL NAME
- Personal name: Strauss Johann Jr.
- Dates associated with a name: Codice autore musica SPICS: 11164
- Relator term: Autore musica
- Name of part/section of a work: Bruderlein Und Schwesterlein (da "Il pipistrello")
670 ## - SOURCE DATA FOUND
- Source citation: Work cat.: (IT-RoPau)99564: AA.VV. 794, Cori celebri, vol. 05